Statistics for Top 10 African Countries by Press Freedom

Click here to take the quiz!

General Stats

  • This quiz has been taken 85 times
  • The average score is 6 of 10

Answer Stats

ScoreCountry% Correct
22.19South Africa
97%
25.09Botswana
85%
18.95Namibia
71%
28.46Mauritius
69%
20.81Ghana
63%
19.81Cape Verde
58%
25.81Senegal
39%
27.76Madagascar
38%
27.91Comoros
25%
24.53Burkina Faso
8%

Score Distribution

Percentile by Number Answered

Percent of People with Each Score

Your Score History

You have not taken this quiz